| 000 | 00694nam a2200169Ia 4500 | ||
|---|---|---|---|
| 008 | 090201s9999 xx 000 0 und d | ||
| 010 | _aKPL-52533 | ||
| 040 | _bमराठी | ||
| 041 | _aमराठी | ||
| 082 |
_a15532 _b52533 |
||
| 100 | _aभानुप्रताप शुक्ल | ||
| 245 |
_aकल्पवृक्ष (मा.स.गोळवलकर (श्री गुरुजी) _cभानुप्रताप शुक्ल |
||
| 260 |
_c2004 _bभारतीय विचार साधना |
||
| 300 |
_a291 _bमोठा |
||
| 600 | _aकल्पवृक्ष (मा.स.गोळवलकर (श्री गुरुजी) | ||
| 942 | _cBOOK | ||
| 999 |
_c215618 _d215618 |
||